| 000 | 00876nam a2200337 a 4500 | ||
|---|---|---|---|
| 003 | AR-BaBNM | ||
| 005 | 20251128210128.0 | ||
| 008 | 082120s2002 ||||||||||||||000 | spa|| | ||
| 020 | _a84-7953-020-0 | ||
| 040 | _cAR-BaBNM | ||
| 100 | 1 | _aSol, Ramón | |
| 245 | 0 | 0 | _aManual práctico de estilo |
| 260 |
_aBarcelona _bEdiciones Urano _c1992 |
||
| 300 | _a253 p. | ||
| 500 | _aContiene referencias bibliográficas en p. 249 | ||
| 650 | 4 | _aRETORICA | |
| 650 | 4 | _aMANUAL | |
| 650 | 4 | _aPERIODISMO | |
| 650 | 4 | _aCOMPOSICION LITERARIA | |
| 650 | 4 | _aREDACTORES | |
| 650 | 4 | _aCAPACITACION DE PERIODISTAS | |
| 650 | 4 | _aGRAMATICA | |
| 650 | 4 | _aSINTAXIS | |
| 650 | 4 | _aVOCABULARIO | |
| 650 | 4 | _aESTILO LITERARIO | |
| 653 | _aPRECEPTIVA LITERARIA | ||
| 655 | _aLITERATURA | ||
| 700 | 1 |
_aMartínez de Sousa, José _eprologuista |
|
| 942 | _cBK | ||
| 998 | _cMARTIN | ||
| 999 |
_c14162 _d14162 |
||